Computers and the changing world : A theme for the automation age

Uloženo v:
Podrobná bibliografie
Hlavní autor: Hargreaves, John
Médium: Kniha
Jazyk:Undetermined
Vydáno: London Hutchinson 1967
Témata:
Tagy: Přidat tag
Žádné tagy, Buďte první, kdo otaguje tento záznam!
Thư viện lưu trữ: Trung tâm Học liệu Trường Đại học Cần Thơ
LEADER 00509nam a2200193Ia 4500
001 CTU_96336
008 210402s9999 xx 000 0 und d
082 |a 651.8 
082 |b H279 
100 |a Hargreaves, John 
245 0 |a Computers and the changing world : 
245 2 |b A theme for the automation age 
245 0 |c John Hargreaves 
260 |a London 
260 |b Hutchinson 
260 |c 1967 
650 |a Computers 
904 |i Năm 
980 |a Trung tâm Học liệu Trường Đại học Cần Thơ